| 000 | 00480nam a2200169Ia 4500 | ||
|---|---|---|---|
| 008 | 240729s9999 xx 000 0 und d | ||
| 022 | _a1751-9683 | ||
| 245 | 0 | _aIET Signal Processing | |
| 260 | _aUnited Kingdom | ||
| 260 | _bHindawi-IET | ||
| 650 | _a Electrical engineering. Electronics. Nuclear engineering | ||
| 650 | _a Telecommunication | ||
| 650 | _aTechnology | ||
| 856 | _uhttps://doaj.org/toc/941202be71c2448ab393575cbce320cf | ||
| 942 | _2ddc | ||
| 942 | _cDOAJEJ | ||
| 999 |
_c67278 _d67278 |
||
| 945 |
_a1 _bMadushi Gamage _c1 _dMadushi Gamage |
||